000 00384nam a22001577a 4500
003 MPLRDC
005 20220104143939.0
008 210129b ||||| |||| 00| 0 eng d
082 _a177.2 HAY
100 _aLOUISE L. HAY 露薏丝海著
245 _a生命的重建
_c
260 _a
_b殖群
_c
300 _b
650 _a应用心理学--成功法
942 _cBK
_o177.2 HAY
999 _c44918
_d44908